| 000 | 00424nam a22001217a 4500 | ||
|---|---|---|---|
| 008 | 230721b |||||||| |||| 00| 0 eng d | ||
| 040 |
_aNational Science Library _cNational Science Library |
||
| 245 |
_aEleventh annual report 1963-1964 _c/ The Scottish horticultural Research Institute |
||
| 260 |
_aScotland: _bThe Scottish Horticultural Research Institute, _c1964 |
||
| 300 | _a87p. | ||
| 650 | _aReport | ||
| 942 |
_2udc _cREP |
||
| 999 |
_c54145 _d54145 |
||